Monseñor Romero /
Monseñor Oscar Romero (1917-1980), tomó posesión como arzobispo de San Salvador el 22 de febrero de 1977, en uno de los momentos más agudos de la crisis de violencia política del país; el nombramiento causó extrañamiento en una arquidiócesis donde predominaba el clero de ideas más progresistas, pero...
Furkejuvvon:
| Materiálatiipa: | Girji |
|---|---|
| Giella: | espánnjágiella |
| Almmustuhtton: |
Madrid, España :
Instituto de Estudios Políticos para América Latina y Africa,
1989, c1989
|
| Ráidu: | (Problemas Internacionales ;
17) |
| Fáttát: | |
| Fáddágilkorat: |
Eai fáddágilkorat, Lasit vuosttaš fáddágilkora!
|
MARC
| LEADER | 00000nam^a2200000^a^4500 | ||
|---|---|---|---|
| 001 | 000304393 | ||
| 005 | 20250521000000.0 | ||
| 009 | 20260310112716.4 | ||
| 037 | |a Acervo Xavier Clavigero | ||
| 041 | |a ESP | ||
| 082 | |a 282. 728405 |b MON | ||
| 245 | 0 | 0 | |a Monseñor Romero / |c Pról. de Alberto Iniesta. |
| 264 | 4 | |a Madrid, España : |b Instituto de Estudios Políticos para América Latina y Africa, |c 1989, c1989 | |
| 300 | |a 244 p. | ||
| 336 | |a texto |b txt |2 rdacontenido | ||
| 337 | |a sin mediación |b n |2 rdamedio | ||
| 338 | |a volumen |b nc |2 rdasoporte | ||
| 440 | 1 | |a (Problemas Internacionales ; |v 17) | |
| 520 | |a Monseñor Oscar Romero (1917-1980), tomó posesión como arzobispo de San Salvador el 22 de febrero de 1977, en uno de los momentos más agudos de la crisis de violencia política del país; el nombramiento causó extrañamiento en una arquidiócesis donde predominaba el clero de ideas más progresistas, pero 18 días más tarde el asesinato de su amigo jesuita Rutilio Grande García (1928-1977), impulsó al arzobispo a manifestar públicamente sus posiciones y a implicarse en una lectura y juicio de los acontecimientos con ojos de fe, a la luz del Evangelio que le enseñaron los grupos más vulnerables de El Salvador; tales opciones lo llevaron a la muerte a manos de sus enemigos, el 23 de marzo de 1980. La presente obra reúne algunas de sus homilías, cartas pastorales y discursos, que dejan ver el compromiso cristiano de este obispo con los perseguidos por la causa del Reino de Dios. | ||
| 649 | |a XX | ||
| 650 | |a Obispos de El Salvador - |x Discursos | ||
| 650 | |a Ministros Religiosos Salvadoreños - |x Discursos | ||
| 650 | |a Sermones | ||
| 650 | |a Teología Pastoral | ||
| 650 | |a Teología Social | ||
| 650 | |a Política - |z El Salvador - |x Historia - |y 1979-1982 | ||
| 650 | |a Política - |z El Salvador - |x Historia - |y Siglo XX | ||
| 650 | |a Iglesia y Problemas Sociales - |z El Salvador | ||
| 650 | |a Iglesia Católica en El Salvador - |x Tema Principal | ||
| 650 | |a Iglesia Católica en El Salvador - |x Cartas y Edictos Pastorales | ||
| 650 | |a Catolicismo - |z El Salvador | ||
| 650 | |a Cristianismo - |z El Salvador | ||
| 650 | |a Religión - |z El Salvador | ||
| 650 | |a Romero, Oscar A., |c Santo - |x Tema Principal | ||
| 910 | |a Fondo General | ||
| 920 | |a Impresos - Libros | ||
| 930 | |a Colección General | ||
| 905 | |a 101 | ||
| 901 | |a 0500190843 |b IT1 |c ACC |u 20250521 | ||
| 902 | |a https://opac.biblio.iteso.mx/vufind/Record/000304393 | ||